Culture Générale - Série 1292 - Statistiques

Statistiques générales
  • Ce quiz a été pris 77 fois
  • Le résultat moyen est 5 sur 10
Statistiques - réponses
Question Réponse % Correct
Où se trouve la ville de Fort-de-France ? Martinique
96%
Quel canal relie l'océan Atlantique à l'océan Pacifique ? canal de Panama
88%
Où se trouve la région viticole du Piémont ? Italie
88%
Dans quel pays la Meuse prend-elle sa source ? France
79%
Où le Nil se jette-t-il ? mer Méditerranée
64%
Que casse-t-on traditionnellement à la fin d'un mariage juif ? verre
53%
Où a été ouvert le premier Hard Rock Café en 1971 ? Londres
29%
Où se trouvait le restaurant La Maison Troisgros, avant de s'installer à Ouches ? Roanne
18%
Pour contenir quels animaux les Australiens ont-ils bâti la plus longue barrière au monde sur plus de 5 000 km ? dingos
15%
Qu'indique un « V » inversé sur une carte ? camping
1%
Aucun quiz correspondant
Distribution des résultats
% des personnes avec chaque résultat
Percentile par nombre de réponses
Votre historique - résultats
Vous n’avez pas pris ce quiz